000
00321nam a2200133Ia 4500
005
20251222143218.0
008
251222s9999||||xx |||||||||||||| ||spa||
020
_a
84-254-1602-7
082
_a
270.5/F8
100
_a
Isnard Wilhelm, Frank
245
0
_a
Historia de la Iglesia Medieval
264
_b
Herder
942
_c
LIB
999
_c
13720
_d
13720